| 000 | 01045nac a22003257a 4500 | ||
|---|---|---|---|
| 001 | BR0402968 | ||
| 003 | BR-BrBNA | ||
| 005 | 20240105123018.0 | ||
| 008 | 230509b bl.|||m| |||| 00| 0 por d | ||
| 040 |
_aBR-BrBNA _bpor _cBiblioteca Nacional de Agricultura |
||
| 072 | _aH20 | ||
| 090 | _a2480 BR0402968 | ||
| 100 | 1 | _aJunqueira, N.T.V. | |
| 100 | 1 | _aMoraes, V.H.F. | |
| 100 | 1 | _aLima, M.I.P.M. | |
| 110 | 1 | _aCentro Nacional de Pesquisa da Seringueira e Dendê, Manaus, AM (Brasil) | |
| 245 | 1 | _aControle da morte descendente, cancro do enxerto e da podridão da casca da seringueira | |
| 260 | 3 |
_aManaus, AM (Brasil): _c1987. |
|
| 300 | _a5 p. | ||
| 490 |
_aComunicado Técnico - Centro Nacional de Pesquisa da Seringueira e Dendê (Brazil) _vno. 58 _x |
||
| 500 | _a6 ref. | ||
| 650 | _aSERINGUEIRA | ||
| 650 | _aMORTE DESCENDENTE | ||
| 650 | _aDOENÇA DE PLANTA | ||
| 650 | _aCANCRO | ||
| 650 | _aPODRIDÃO | ||
| 650 | _aCONTROLE QUÍMICO | ||
| 909 |
_a202312 _bLúcia Elande _c55 _dLúcia Elande |
||
| 942 |
_2AGRIS _n0 _cMS |
||
| 999 |
_c293633 _d293633 |
||